Automatic control systems (Record no. 4655)
[ view plain ]
| 000 -LEADER | |
|---|---|
| fixed length control field | 00475 a2200169 4500 |
| 020 ## - INTERNATIONAL STANDARD BOOK NUMBER | |
| International Standard Book Number | 0-471-13476-7 |
| 040 ## - CATALOGING SOURCE | |
| Original cataloging agency | DLC |
| Language of cataloging | DLC |
| 082 04 - DEWEY DECIMAL CLASSIFICATION NUMBER | |
| Classification number | 629.8 |
| 100 1# - MAIN ENTRY--PERSONAL NAME | |
| Personal name | Kuo, Benjamin Chung-i, |
| 245 10 - TITLE STATEMENT | |
| Title | Automatic control systems |
| Statement of responsibility, etc. | Benjamin C. Kuo, Farid Golnaraghi |
| 250 ## - EDITION STATEMENT | |
| Edition statement | 8. ed. |
| 260 ## - PUBLICATION, DISTRIBUTION, ETC. | |
| Place of publication, distribution, etc. | New York : |
| Name of publisher, distributor, etc. | Wiley, |
| Date of publication, distribution, etc. | cop. 2003 |
| 300 ## - PHYSICAL DESCRIPTION | |
| Extent | xiii, 609 s. : |
| Other physical details | ill. ; |
| Dimensions | 26 cm + |
| Accompanying material | 1 CD-ROM |
| 650 #0 - SUBJECT ADDED ENTRY--TOPICAL TERM | |
| Topical term or geographic name entry element | Automatic control |
| 700 1# - ADDED ENTRY--PERSONAL NAME | |
| Personal name | Golnaraghi, Farid |
| 942 ## - ADDED ENTRY ELEMENTS (KOHA) | |
| Koha item type | Book |
| Call number prefix | 629.8 KUO |
| Source of classification or shelving scheme | |
| Withdrawn status | Lost status | Damaged status | Not for loan | Collection code | Permanent Location | Current Location | Shelving location | Date acquired | Source of acquisition | Cost, normal purchase price | Total Checkouts | Full call number | Barcode | Date last seen | Price effective from | Koha item type | Date last checked out |
|---|---|---|---|---|---|---|---|---|---|---|---|---|---|---|---|---|---|
| Central Library (CL) | Central Library (CL) | General Stacks | 02/24/2007 | Allied Book Company | 408.03 | 629.8 KUO | SEECS008166 | 11/14/2012 | 01/05/2017 | Book | |||||||
| Central Library (CL) | Central Library (CL) | General Stacks | 02/24/2007 | Allied Book Company | 408.03 | 1 | 629.8 KUO | SEECS008163 | 03/16/2016 | 01/05/2017 | Book | 09/22/2014 | |||||
| Central Library (CL) | Central Library (CL) | General Stacks | 02/24/2007 | Allied Book Company | 408.03 | 629.8 KUO | SEECS008165 | 11/14/2012 | 01/05/2017 | Book | |||||||
| Central Library (CL) | Central Library (CL) | General Stacks | 02/24/2007 | Allied Book Company | 408.03 | 629.8 KUO | SEECS008164 | 11/14/2012 | 01/05/2017 | Book | |||||||
| Central Library (CL) | Central Library (CL) | General Stacks | 08/21/2004 | Progressive International Agencies | 387.57 | 1 | 629.8 KUO | SEECS004684 | 01/09/2016 | 01/05/2017 | Book | 08/18/2015 | |||||
| Central Library (CL) | Central Library (CL) | General Stacks | 08/11/2004 | Book Field | 385.03 | 1 | 629.8 KUO | SEECS004665 | 01/15/2016 | 01/05/2017 | Book | 08/18/2015 |
